| 000 | 00693nas a2200241 4500 | ||
|---|---|---|---|
| 001 | BR9211251 | ||
| 003 | BR-BrBNA | ||
| 005 | 20231205093443.0 | ||
| 007 | ta | ||
| 008 | 230509b bl.|||p| |||| 00| 00por d | ||
| 040 |
_aBR-BrBNA _bpor _cBiblioteca Nacional de Agricultura |
||
| 041 | _a(Pt) | ||
| 072 | _aL73 | ||
| 100 | 1 | _aFiorentin, L. | |
| 245 | 1 | _aPara micoplasmas, que teste usar? | |
| 650 | _aAVE DOMESTICA | ||
| 650 | _aMICOPLASMOSE | ||
| 650 | _aIMUNIZACAO | ||
| 650 | _aVETERINARIA | ||
| 773 | 0 |
_tAvicultura e Suinocultura Industrial (Brazil) _xISSN 0100-5804 _g(Nov 1991), v. 82(981) p. 12-13 _wBR9211251 |
|
| 909 |
_a202311 _bLúcia _c55 _dLúcia Elande |
||
| 942 |
_2AGRIS _n0 _cANA |
||
| 999 |
_c138460 _d138460 |
||